000 00735nam a2200229 a 4500
001 BRL_922
005 20190320210944.0
008 241013s1955----mx-ao#####---#000-0#eng-#
041 _aeng
044 _amx
050 4 _aF1391.A2
_b.V37 1955
100 1 _aVarona, Esteban A. de
_9879
245 1 0 _aAcapulco
_cText and Photographs by Esteban A. de Varona ; translated from the original in spanish by Leonard Cooper.
260 _aMéxico
_bMaupome y Martínez
_c1955
300 _a41 p.
_bil., 44 fotografías
_c20 cm.
500 _aAu1070
500 _aIncluye dedicatoria a Ruth Lechuga
651 4 _aAcapulco (Guerrero)
_xDescripción y viajes
_925332
700 1 _aCooper, Leonard
_etr.
_925333
902 _aGRL
942 _2lcc
_cB
999 _c9734
_d9734